Szczegóły MARC21

Bodh Gaja /

005 -DATA I CZAS OSTATNIEJ MODYFIKACJI [,]
    • @
    • pole kontrolne
    • 20110311124025.0
020 -Międzynarod. znormalizowany nr książki - ISBN [ , ]
    • a
    • Numer ISBN
    • 9788361809487 Find
020 -Międzynarod. znormalizowany nr książki - ISBN [ , ]
    • a
    • Numer ISBN
    • 9788361809357 (seria) Find
040 -Instytucja sporządzająca opis [ , ]
    • a
    • Instytucja, która sporządziła opis (NP)
    • SZCZ U/DL
    • c
    • Instytucja, która sporządziła rekord (NP)
    • SZCZ U/DL
    • d
    • Instytucja, która zmodyfikowała rekord (P)
    • SZCZ U/RJ
041 -Język dokumentu [0, ]
    • a
    • Język tekstu (P)
    • polski
044 -Kraj miejsca wydania [ , ]
    • a
    • Kraj miejsca wydania
    • Polska
942 -Rodzaj dokumentu [ , ]
    • c
    • Rodzaj dokumentu
    • Książka
100 -Hasło główne - nazwa osobowa [1, ]
    • 9
    • KHW
    • 22420
    • a
    • Nazwa osobowa (NP)
    • Brodowy, Urszula.
245 -Strefa tytułu i oznaczenia odpowiedzialności [1,0]
    • a
    • Tytuł
    • Bodh Gaja / Find
    • c
    • Pozostałe elementy strefy tytułu i oznaczenia odpowiedzialności (NP)
    • [tekst Urszula Brodowy].
260 -Strefa adresu wydawniczego [ , ]
    • a
    • Miejsce wydania (P)
    • Warszawa :
    • b
    • Nazwa wydawcy (P)
    • Mediaprofit ;
    • b
    • Nazwa wydawcy (P)
    • Agora,
    • c
    • Data wydania (P)
    • 2011.
300 -Strefa opisu fizycznego [ , ]
    • a
    • Określenie formy książki i/lub objętość (NP)
    • 247 s. :
    • b
    • Oznaczenie ilustracji (NP)
    • il. ;
    • c
    • Format (NP)
    • 23 cm.
490 -Strefa serii i książki wielotomowej - forma nie do wyszukiwania [1, ]
    • a
    • Tytuł (P)
    • Miejsca Święte ; Find
    • v
    • Numeracja (P)
    • 13
490 -Strefa serii i książki wielotomowej - forma nie do wyszukiwania [1, ]
    • a
    • Tytuł (P)
    • Biblioteka Gazety Wyborczej Find
830 -Hasło dodatkowe serii i opisu książki wielotomowej - tytuł ujednolicony/tytuł [ ,0]
    • 9
    • KHW
    • 21021
    • a
    • Tytuł ujednolicony/tytuł (NP)
    • Biblioteka Gazety Wyborczej.
    • v
    • Oznaczenie tomu (NP)
    • 13
    • p
    • Nazwa części/podserii/sekcji (P)
    • Miejsca święte
830 -Hasło dodatkowe serii i opisu książki wielotomowej - tytuł ujednolicony/tytuł [ ,0]
    • 9
    • KHW
    • 22703
    • a
    • Tytuł ujednolicony/tytuł (NP)
    • Biblioteka Gazety Wyborczej
504 -Uwaga dot. bibliogr. załącznikowej [ , ]
    • a
    • Uwaga dot. bibliografii załącznikowej
    • Ind.
080 -Uniwersalna Klasyfikacja Dziesiętna [ , ]
    • 2
    • Identyfikator wydania tablic
    • UDC-P058
    • 9
    • UKD
    • 21068
    • a
    • Symbol klasyfikacji
    • 913(540)(036)
    • b
    • Dopowiedzenie
    • Przewodniki turystyczno-krajoznawcze po Indiach. Republice Indii.
980 -Symbol UKD [ , ]
    • a
    • UKD
    • 913(540)(036)Bodh Gaja
920 -ISBN [ , ]
    • a
    • ISBN
    • 978-83-61809-48-7 Find
920 -ISBN [ , ]
    • a
    • ISBN
    • 978-83-61809-35-7 (seria) Find
Sygnatura Numer inwentarzowy Status udost. Lokalizacja Data inwentaryzacji
T.11334T.113341T2011-02-18